[Event "TC Hartwell Memorial"]
[Site "Twin Falls, ID"]
[Date "2006.05.27"]
[Round "2.2"]
[White "Taylor, Daniel A"]
[Black "Bartell, Fred"]
[Result "1-0"]
[WhiteElo "1915"]
[BlackElo "1853"]

1. e4 c5 2. Nf3 Nc6 3. d4 cxd4 4. Nxd4 g6 5. c4 a6 6. Nc3 Bg7 7. Be3 e6 8. Be2
Nge7 9. O-O d6 10. Qd2 Qc7 11. Rad1 Ne5 12. Bf4 Bd7 13. Bxe5 dxe5 14. Nf3 Rd8
15. b3 Nc6 16. Qe3 Nd4 17. Bd3 Bc6 18. Ne2 h5 19. Nc3 Bh6 20. Qe1 Bf4 21. Nxd4
exd4 22. Nd5 Bxh2+ 23. Kh1 Qe5 24. f4 Bxf4 25. Nxf4 h4 26. Nh3 g5 27. Qf2 Rd7
28. Qf6 Qxf6 29. Rxf6 g4 30. Nf2 Rg8 31. Rh6 h3 32. g3 Ke7 33. Kh2 {#r} 1-0

[Event "Idaho Open"]
[Site "Twin Falls, ID"]
[Date "2006.08.26"]
[Round "1.4"]
[White "Bartell, Fred"]
[Black "Shouse, Donald L"]
[Result "1-0"]
[WhiteElo "1814"]
[BlackElo "1216"]

1. Nf3 Nf6 2. Nc3 d5 3. e3 Nc6 4. Be2 e5 5. d3 Bb4 6. Bd2 O-O 7. a3 Bc5 8. b4
Bb6 9. b5 Nb8 10. Nxe5 Bf5 11. Bf3 Qd6 12. d4 a6 13. O-O Nbd7 14. Nd3 Bxd3 15.
cxd3 c5 16. bxc6 Bc7 17. g3 bxc6 18. Na4 a5 19. Qc2 Rfe8 20. Rfc1 Nb8 21. Nc5
Ra7 22. Rab1 Nfd7 23. Rb3 Nxc5 24. Qxc5 Qxc5 25. Rxc5 Rd8 26. a4 g6 27. Rc2 f5
28. Rcb2 Na6 29. Rb7 Raa8 30. Rc2 Rdb8 31. Rxb8+ Nxb8 32. Bxd5+ cxd5 33. Rxc7
Kf8 34. Rxh7 Kg8 35. Rc7 Na6 36. Rd7 Nb4 37. e4 Nxd3 38. exf5 Rf8 39. Rxd5
gxf5 40. Rxa5 Kg7 41. Ra6 Rc8 42. Be3 Nb4 43. Ra5 Kf6 44. Rc5 Ra8 45. a5 Ke6
46. h4 Nd3 47. Rb5 Kf6 48. Rb6+ Ke7 49. a6 Kd8 50. Bg5+ Kc8 51. Rf6 Nb4 52.
Rf8+ Kc7 53. Rxa8 Nd3 54. d5 Ne5 55. Bf4 {#r} 1-0

[Event "Idaho Open"]
[Site "Twin Falls, ID"]
[Date "2006.08.26"]
[Round "2.3"]
[White "Vander Sys, Michael P"]
[Black "Bartell, Fred"]
[Result "1-0"]
[WhiteElo "1584"]
[BlackElo "1814"]

1. e4 e5 2. Nf3 Nc6 3. Bb5 Nge7 4. O-O a6 5. Ba4 d6 6. d4 b5 7. Bb3 Ng6 8. Nc3
Be7 9. h3 Bf6 10. Be3 O-O 11. Qd2 Bd7 12. Rad1 Qc8 13. Kh2 Nh4 14. Nxh4 Bxh4
15. dxe5 Nxe5 16. f4 Nc4 17. Bxc4 bxc4 18. f5 Bf6 19. Bd4 Qd8 20. Nd5 Bg5 21.
Be3 Bxe3 22. Qxe3 Bb5 23. f6 Qe8 24. Ne7+ Kh8 25. fxg7+ Kxg7 26. Qg5+ Kh8 27.
Qf6# 1-0

[Event "Idaho Open"]
[Site "Twin Falls, ID"]
[Date "2006.08.26"]
[Round "3.5"]
[White "Pocol, Daniel"]
[Black "Bartell, Fred"]
[Result "1-0"]
[WhiteElo "1615"]
[BlackElo "1814"]

1. d4 Nf6 2. Bf4 e6 3. e3 Nc6 4. Nf3 Be7 5. c3 b6 6. Bd3 Bb7 7. Nbd2 Nh5 8.
Bg3 Nxg3 9. hxg3 h6 10. Qe2 d5 11. Bb5 a6 12. Ba4 b5 13. Bc2 Na5 14. b3 Ba3
15. Rd1 Qe7 16. O-O Bd6 17. Bb1 Nc6 18. Rc1 e5 19. dxe5 Nxe5 20. Nxe5 Bxe5 21.
Nf3 Bf6 22. Rfe1 O-O-O 23. Bd3 Qa3 24. Rc2 Kb8 25. b4 c5 26. bxc5 Qxc5 27. a4
Rd6 28. axb5 axb5 29. Bxb5 Rb6 30. Bd3 Rc8 31. Rec1 Qa3 32. c4 Rb3 33. Bf5 Rc6
34. cxd5 Ba6 35. Qd2 Bc3 36. Qd1 Qd6 37. Nd4 {#r} 1-0

[Event "SIO"]
[Site "Jackpot, NV"]
[Date "2007.11.10"]
[Round "1.4"]
[White "Bartell, Fred"]
[Black "Gorsuch, Tyler A"]
[Result "1-0"]
[WhiteElo "1785"]
[BlackElo "487"]

1. c4 e5 2. Nc3 Nf6 3. d3 Bc5 4. Nf3 d6 5. Bg5 Nc6 6. Nd5 Be6 7. Nxf6+ gxf6 8.
Bd2 Bg4 9. e3 f5 10. Be2 Nb4 11. Bc3 e4 12. Bxh8 exd3 13. Bxd3 Qd7 14. Be2 Qc6
15. Nd4 Qe4 16. O-O f4 17. Bxg4 fxe3 18. Qa4+ c6 19. Bf3 Qh4 20. fxe3 O-O-O
21. a3 b5 22. cxb5 Nd3 23. Bf6 Qxf6 24. Bg4+ Kb8 25. Rxf6 cxb5 26. Qxb5+ Ka8
27. Rxf7 Rb8 28. Bf3+ Rb7 29. Rf8# 1-0

[Event "SIO"]
[Site "Jackpot, NV"]
[Date "2007.11.10"]
[Round "3.3"]
[White "Harmon-Vellotti, Luke"]
[Black "Bartell, Fred"]
[Result "1-0"]
[WhiteElo "1685"]
[BlackElo "1785"]

1. e4 c5 2. Nf3 Nc6 3. d4 cxd4 4. Nxd4 e5 5. Nb5 d6 6. N1c3 a6 7. Na3 Nf6 8.
Bg5 Be7 9. Bxf6 Bxf6 10. Nc4 Be7 11. Nd5 Bf8 12. Ncb6 Rb8 13. Bc4 Be6 14. O-O
Ne7 15. Qd3 Bxd5 16. Nxd5 b5 17. Bb3 Nxd5 18. Qxd5 Qd7 19. Rad1 Qb7 20. f4
Qxd5 21. Bxd5 f6 22. f5 Be7 23. Be6 g5 24. h3 h5 25. Kf2 Kd8 26. g4 hxg4 27.
hxg4 Rh2+ 28. Kg3 Rxc2 29. Rh1 Rb7 30. Rh8+ Kc7 31. Rc8+ Kb6 32. Rxc2 Ka5 33.
Rdc1 Bd8 34. Rc6 Rb6 35. Rxb6 Bxb6 36. a3 b4 37. axb4+ Kxb4 38. Rc6 {#r} 1-0

[Event "SIO"]
[Site "Jackpot, NV"]
[Date "2007.11.11"]
[Round "4.5"]
[White "Bartell, Fred"]
[Black "Harmon-Vellotti, Carl Honor"]
[Result "1/2-1/2"]
[WhiteElo "1785"]
[BlackElo "1579"]

1. d4 Nf6 2. c4 e6 3. Bg5 Be7 4. Nf3 d5 5. Nc3 b6 6. e3 Bb7 7. Be2 Nbd7 8. Rc1
c5 9. O-O O-O 10. Bf4 Nh5 11. Be5 f6 12. Bg3 Nxg3 13. hxg3 Rc8 14. Qb3 cxd4
15. Nxd4 Nc5 16. Qd1 g6 17. Bf3 e5 18. Ndb5 e4 19. Be2 {#d} 1/2-1/2

[Event "SIO"]
[Site "Jackpot, NV"]
[Date "2007.11.11"]
[Round "5.4"]
[White "Bartell, Fred"]
[Black "Hoskins, Jace H"]
[Result "1-0"]
[WhiteElo "1785"]
[BlackElo "1175"]

1. e4 e5 2. Nf3 Nc6 3. Bb5 g6 4. c3 Bg7 5. d4 exd4 6. cxd4 Nge7 7. Bg5 O-O 8.
Nc3 a6 9. Ba4 d6 10. d5 Ne5 11. Nxe5 Bxe5 12. h4 b5 13. Bc2 Qd7 14. h5 b4 15.
Na4 Qg4 16. Qxg4 Bxg4 17. Bxe7 Rfe8 18. Bg5 Bd7 19. O-O-O Rab8 20. Rd3 Kg7 21.
f4 Bxb2+ 22. Nxb2 Rxe4 23. hxg6 hxg6 24. Kd2 Rbe8 25. Rg3 Rd4+ 26. Rd3 Rde4
27. Bd1 Bb5 28. Rdh3 Rd4+ 29. Kc1 Ree4 30. Rh7+ Kf8 31. Bf6 {#r} 1-0

[Event "ICU MVCC Ch (Champ)"]
[Site "Twin Falls, ID"]
[Date "2009.03.07"]
[Round "2.2"]
[White "Bartell, Fred"]
[Black "Pocol, Daniel"]
[Result "0-1"]
[WhiteElo "1837"]
[BlackElo "1623"]

1. c4 b6 2. Nc3 Bb7 3. d4 e6 4. Nf3 Nf6 5. Bg5 Be7 6. e3 O-O 7. Be2 c6 8. O-O
d6 9. Qc2 Re8 10. Rad1 Nbd7 11. Bf4 Nf8 12. Nd2 N6d7 13. Bf3 Nf6 14. a3 Qc8
15. b4 Ng6 16. Bg3 Rd8 17. Rfe1 d5 18. c5 bxc5 19. dxc5 e5 20. Nb3 e4 21. Be2
Ba6 22. Nd4 Bxe2 23. Qxe2 a6 24. Na4 Ra7 25. Nb6 Qb7 26. Nf5 Bf8 27. h4 Nd7
28. h5 Nge5 29. Bh4 f6 30. Nxd7 Qxd7 31. Nd4 a5 32. Ra1 Nd3 33. Reb1 axb4 34.
axb4 Rxa1 35. Rxa1 Nxb4 36. Nb3 Nd3 37. Ra5 Rb8 38. Qa2 Qg4 39. Bg3 Qd1+ 40.
Kh2 Qxh5+ 41. Kg1 Qd1+ 42. Kh2 Rxb3 43. Ra8 Nxc5 44. Rxf8+ Kxf8 45. Bd6+ Kf7
46. Bxc5 Qh5+ 47. Kg1 Rb5 48. Qc2 Qg4 49. Bd6 Qd7 50. Bg3 c5 51. Qe2 g6 52. f3
Rb4 53. Be1 exf3 54. Qxf3 Rb1 55. Kf2 d4 56. e4 d3 57. e5 Qf5 58. exf6 Rxe1
59. Kxe1 Qxf3 {#R} 0-1

[Event "SIO"]
[Site "Twin Falls, ID"]
[Date "2009.11.14"]
[Round "2.4"]
[White "Bartell, Fred"]
[Black "Kett, Erwin"]
[Result "1-0"]
[WhiteElo "1718"]
[BlackElo "1428"]

1. e4 e5 2. Nf3 d6 3. d4 Bg4 4. Be2 Bxf3 5. Bxf3 Be7 6. c3 h6 7. Nd2 c6 8. Nc4
Nf6 9. O-O b5 10. Ne3 g6 11. Qb3 a6 12. dxe5 dxe5 13. Rd1 Nbd7 14. a4 Nc5 15.
Rxd8+ Rxd8 16. Qc2 O-O 17. axb5 axb5 18. Ng4 Nxg4 19. Bxg4 h5 20. Be2 Rd7 21.
Be3 Rfd8 22. h3 Kg7 23. Rf1 Nd3 24. Rd1 Nc5 25. Rxd7 Rxd7 26. f4 f6 27. g4 h4
28. b4 Na4 29. fxe5 fxe5 30. Qc1 g5 31. Bxg5 Bxg5 32. Qxg5+ Kh8 33. Qxe5+ Rg7
34. Bd1 Nb2 35. Bb3 Nd3 36. Qe8+ Kh7 37. Qh5# 1-0

[Event "Pres. Cup-1 (Qualifier)"]
[Site "Twin Falls, ID"]
[Date "2010.07.31"]
[Round "1.5"]
[White "Brown, Nicholas Ross"]
[Black "Bartell, Fred"]
[Result "1/2-1/2"]
[WhiteElo "838"]
[BlackElo "1643"]

1. Nf3 Nf6 2. g3 Nc6 3. Bg2 d5 4. d3 Bg4 5. Nbd2 e6 6. O-O Bd6 7. Re1 Qd7 8.
e4 dxe4 9. Nxe4 Nxe4 10. dxe4 O-O-O 11. c3 Ne5 12. Bf4 f6 13. Bxe5 Bxe5 14.
Qxd7+ Rxd7 15. Nxe5 fxe5 16. f3 Bh5 17. Kf1 Rd2 18. Re2 Rhd8 19. Bh3 Bf7 20.
Rae1 R8d3 21. Kf2 Rd1 22. Rxd1 Rxd1 23. Rc2 Kd7 24. Ke3 Ra1 25. a3 Rh1 26. f4
exf4+ 27. Kxf4 Re1 28. Rd2+ Ke7 29. Ke5 Bg6 30. Rd4 Re2 31. Bxe6 Rxb2 32. Rd7+
Ke8 33. Rxc7 Rxh2 34. Rxb7 a5 35. Rxg7 Rh5+ 36. Kf4 Kf8 37. Ra7 Rc5 38. c4 Be8
39. Rxh7 a4 40. Ra7 Rh5 41. Bd7 Rh7 42. c5 Bxd7 43. c6 {#d} 1/2-1/2

[Event "Pres. Cup-2 (Eliminator)"]
[Site "Twin Falls, ID"]
[Date "2010.07.31"]
[Round "1.2"]
[White "Brown, Nicholas Ross"]
[Black "Bartell, Fred"]
[Result "1-0"]
[WhiteElo "1261"]
[BlackElo "1669"]

1. Nf3 d5 2. g3 Bg4 3. Bg2 c6 4. d3 Nd7 5. O-O Ngf6 6. Nbd2 e5 7. e4 Bc5 8.
Qe1 d4 9. Nc4 Qe7 10. Nh4 O-O 11. f4 Bb4 12. Bd2 Bxd2 13. Qxd2 b5 14. Nxe5
Nxe5 15. fxe5 Qxe5 16. Nf5 Bh5 17. Qg5 Rfe8 18. Qxg7# 1-0

[Event "WRW Progressive"]
[Site "Hailey, ID"]
[Date "2010.10.09"]
[Round "1.2"]
[White "Bartell, Fred"]
[Black "Patterson, Katie Rae"]
[Result "1-0"]
[WhiteElo "1645"]
[BlackElo "979"]

1. Nf3 Nc6 2. Nc3 Nf6 3. e4 e5 4. Bb5 a6 5. Bxc6 bxc6 6. Nxe5 Bb4 7. d3 Bxc3+
8. bxc3 Rb8 9. Ba3 Bb7 10. O-O d6 11. Nc4 O-O 12. e5 Nd7 13. exd6 c5 14. dxc7
Qxc7 15. Qg4 Nf6 16. Qg3 Qxg3 17. hxg3 Rfc8 18. Nd6 Rc7 19. Rab1 Nd7 20. Rfe1
h6 21. Re7 Kh7 22. Nxb7 Rbxb7 23. Rxb7 Rxb7 24. Rxf7 Rb1+ 25. Kh2 Ne5 26. Rf5
Nd7 27. Bxc5 Nxc5 28. Rxc5 Rb2 29. Ra5 Rxc2 30. c4 Rxf2 31. Rxa6 Rd2 32. Ra3
Kg6 33. g4 Kg5 34. Kg3 h5 35. gxh5 Kxh5 36. Ra5+ Kh6 37. Ra3 g5 38. Kh3 g4+
39. Kxg4 Rxg2+ 40. Kf3 Rg5 41. d4 Kg6 42. Ra6+ Kf7 43. Kf4 Rg8 44. Kf5 Ke7 45.
c5 Kd7 46. d5 Kc7 47. a4 Kb7 48. Rf6 Ra8 49. Rf7+ Kb8 50. Rf8+ Kb7 51. Rxa8
Kxa8 52. d6 Kb8 53. Ke6 Kc8 54. c6 Kb8 55. Kd7 Ka8 56. c7 Ka7 57. c8=Q Kb6 58.
Qc6+ Ka5 59. Qb5# 1-0

[Event "WRW Progressive"]
[Site "Hailey, ID"]
[Date "2010.10.09"]
[Round "2.2"]
[White "Patterson, Kevin R"]
[Black "Bartell, Fred"]
[Result "1/2-1/2"]
[WhiteElo "1270"]
[BlackElo "1645"]

1. e4 c5 2. d4 cxd4 3. c3 dxc3 4. Nxc3 Nc6 5. Nf3 g6 6. Bc4 Bg7 7. O-O d6 8.
Bf4 Nf6 9. Qb3 O-O 10. Qc2 Nh5 11. Be3 Na5 12. Be2 Nc6 13. Rad1 Bd7 14. Nd4
Rc8 15. Nxc6 Bxc6 16. Bxh5 gxh5 17. Bxa7 Qa5 18. Bd4 f6 19. Qb3+ Kh8 20. Rd3
Rg8 21. Rh3 Bd7 22. Rg3 h4 23. Rd3 b5 24. Nd5 Be6 25. Qb4 Qxb4 26. Nxb4 Bc4
27. Rfd1 Bxd3 28. Nxd3 Bh6 29. f3 Rc2 30. Nb4 Rcxg2+ 31. Kh1 Bf4 32. Bg1 Rxb2
33. Nd5 Be5 34. Nxe7 Rgg2 35. Nf5 h3 36. Ne3 Rgd2 37. Rc1 Rxa2 38. Nf5 h5 39.
Rb1 Rab2 40. Rc1 Bf4 41. Rc8+ Kh7 42. Rc7+ {#d} 1/2-1/2

[Event "Idaho Closed"]
[Site "Twin Falls, ID"]
[Date "2011.02.19"]
[Round "1.1"]
[White "Parsons, Larry R"]
[Black "Bartell, Fred"]
[Result "1-0"]
[WhiteElo "2005"]
[BlackElo "1604"]

1. c4 e5 2. g3 Nf6 3. Bg2 Bc5 4. e3 Nc6 5. Nc3 O-O 6. Nge2 Re8 7. O-O d6 8. d4
exd4 9. exd4 Bb6 10. Na4 Bg4 11. f3 Bd7 12. Nxb6 axb6 13. g4 Na5 14. Qd3 d5
15. cxd5 Nxd5 16. Bd2 Qe7 17. Nf4 Nxf4 18. Bxf4 Bc6 19. Rac1 Rad8 20. Qc3 Bb5
21. Rfe1 Qd7 22. Rxe8+ Rxe8 23. Bf1 Bxf1 24. Rxf1 Nc6 25. Rd1 h6 26. d5 Rd8
27. Rd2 Ne7 28. Qxc7 Qxc7 29. Bxc7 Rxd5 30. Re2 Ng6 31. Bxb6 Rb5 32. Bd4 Nf4
33. Rd2 h5 34. Be3 Nd5 35. Bd4 hxg4 36. fxg4 f6 37. Kf2 Nb4 38. a3 Nc6 39. Bc3
Ne5 40. h3 Kf7 41. Kg3 Kg6 42. Rd4 Nc6 43. Rd7 Ne5 44. Rd4 Nc6 45. Rc4 Ne5 46.
Rb4 Rxb4 47. Bxb4 f5 48. Bc3 Nc4 49. gxf5+ Kxf5 50. Bxg7 b5 51. h4 Kg6 52. Bc3
Kh5 53. Bd4 Nd2 54. Kh3 Nf3 55. Bf6 Nd2 56. Bg5 Nc4 57. Bc1 Ne5 58. Bg5 Nf3
59. Be7 Nd2 60. Kg3 Nc4 61. Bf6 Kg6 62. Bc3 Kh5 63. Kf4 Kxh4 64. Ke4 Kg4 65.
Kd4 Kf4 66. Kc5 Ne3 67. Bd2 {#r} 1-0

[Event "Idaho Closed"]
[Site "Twin Falls, ID"]
[Date "2011.02.19"]
[Round "2.11"]
[White "Bartell, Fred"]
[Black "Seekamp III, John Edwin"]
[Result "1-0"]
[WhiteElo "1604"]
[BlackElo "786"]

1. e4 e5 2. Nf3 Nc6 3. Bb5 Bb4 4. c3 a6 5. Bxc6 Bc5 6. Bd5 Nh6 7. d4 exd4 8.
cxd4 Bb4+ 9. Nc3 c6 10. Bc4 d5 11. exd5 cxd5 12. Bd3 O-O 13. O-O Bg4 14. h3
Bh5 15. Bg5 Qd6 16. a3 Ba5 17. Ne2 Bxf3 18. gxf3 Rae8 19. Bf4 Qf6 20. Bg3 Qg5
21. Kh2 f5 22. Be5 Re6 23. Rg1 Qh4 24. Rxg7+ Kh8 25. Rg4+ Rxe5 26. Rxh4 Re6
27. Nf4 Bc7 28. Qd2 Rfe8 29. Kh1 Bxf4 30. Qxf4 Re1+ 31. Rxe1 Rxe1+ 32. Kg2 Ng8
33. Qxf5 Re7 34. Rxh7+ Rxh7 35. Qxh7# 1-0

[Event "Idaho Closed"]
[Site "Twin Falls, ID"]
[Date "2011.02.20"]
[Round "3.7"]
[White "Abderhalden, Katherine Louise"]
[Black "Bartell, Fred"]
[Result "1-0"]
[WhiteElo "1741"]
[BlackElo "1604"]

1. d4 Nf6 2. c4 g6 3. Nc3 Bg7 4. e4 d6 5. Nf3 O-O 6. Be2 c5 7. d5 Qb6 8. Qc2
Bd7 9. O-O Na6 10. a3 Rad8 11. Bg5 h6 12. Bh4 Rfe8 13. Nd2 Bg4 14. Bxg4 Nxg4
15. h3 Nf6 16. f4 Nd7 17. Kh1 Nab8 18. Rab1 Bf6 19. Bg3 a6 20. Nf3 Bg7 21.
Rfe1 Qc7 22. e5 Nb6 23. b3 Kh7 24. f5 f6 25. fxg6+ Kh8 26. e6 Rg8 27. Qf5 Bf8
28. Bf4 Kg7 29. Qh5 Rh8 30. Nh4 Kg8 31. g7 Bxg7 32. Qg6 Rh7 33. Nf5 Rf8 34.
Bxh6 {#r} 1-0

[Event "Idaho Closed"]
[Site "Twin Falls, ID"]
[Date "2011.02.20"]
[Round "4.9"]
[White "Bartell, Fred"]
[Black "Simonson, Jay L"]
[Result "1-0"]
[WhiteElo "1604"]
[BlackElo "565"]

1. c4 e6 2. Nc3 Nf6 3. e4 Bc5 4. d4 Bb4 5. Bd3 d5 6. Bg5 h6 7. Bxf6 gxf6 8.
Nge2 Bxc3+ 9. bxc3 Nc6 10. Ng3 Rg8 11. Qh5 e5 12. exd5 Bg4 13. Qxh6 Na5 14.
O-O Qd6 15. Ne4 Qf8 16. Nxf6+ Kd8 17. Nxg8 Qxh6 18. Nxh6 Bh5 19. dxe5 Kd7 20.
Bf5+ Ke7 21. g4 Bg6 22. Bxg6 fxg6 23. Rab1 b6 24. c5 Rh8 25. g5 Nc4 26. d6+
Kd7 27. Rbd1 cxd6 28. Ng4 bxc5 29. exd6 Nxd6 30. Rfe1 Kc6 31. Re6 Rd8 32. Ne5+
Kc7 33. Rxg6 Nf5 34. Rc6+ Kb7 35. Rxd8 {#r} 1-0

[Event "Idaho Closed"]
[Site "Twin Falls, ID"]
[Date "2011.02.21"]
[Round "5.8"]
[White "Ye, Michael"]
[Black "Bartell, Fred"]
[Result "1/2-1/2"]
[WhiteElo "1354"]
[BlackElo "1604"]

1. e4 e6 2. d4 d5 3. Nc3 Bb4 4. e5 c5 5. a3 Ba5 6. Bb5+ Bd7 7. Bxd7+ Qxd7 8.
Nge2 Nc6 9. O-O cxd4 10. Na2 Bb6 11. Re1 Nge7 12. Kh1 d3 13. Qxd3 Nxe5 14. Qg3
N5g6 15. Nf4 Bc7 16. Bd2 Be5 17. Rxe5 Nxe5 18. Qxg7 N5g6 19. Nh5 O-O-O 20. Bh6
Nf5 21. Qc3+ Qc6 22. Bg5 Rd6 23. Rd1 h6 24. Bf6 Rg8 25. Rd3 Kd7 26. Qd2 Qb6
27. g4 Nfe7 28. Bd4 Qc6 29. Nf6+ Kd8 30. Nxg8 Nxg8 31. Rc3 Qb5 32. Kg1 b6 33.
Qe3 Qd7 {#d} 1/2-1/2

[Event "Idaho Open (Open)"]
[Site "Pocatello, ID"]
[Date "2011.04.16"]
[Round "1.2"]
[White "Manross, Sean"]
[Black "Bartell, Fred"]
[Result "1-0"]
[WhiteElo "1906"]
[BlackElo "1600"]

1. d4 Nf6 2. Nf3 d5 3. c4 dxc4 4. Nc3 Bg4 5. Ne5 Bf5 6. Qa4+ c6 7. Qxc4 e6 8.
Bg5 Be7 9. e3 Nbd7 10. Nf3 h6 11. Bh4 Qb6 12. Bd3 Bxd3 13. Qxd3 Rd8 14. Qc2
Nd5 15. Bxe7 Nxe7 16. O-O O-O 17. Rfd1 Nd5 18. Rac1 Nxc3 19. bxc3 Qa5 20. Rb1
Qc7 21. Qa4 a6 22. Rb2 b5 23. Qc2 Rfe8 24. c4 Rc8 25. a4 bxc4 26. Qxc4 Qa5 27.
Qb4 Qxb4 28. Rxb4 Rb8 29. Rc4 Rec8 30. Ne5 Nxe5 31. dxe5 Rb7 32. g3 Kf8 33.
Rdc1 Rbc7 34. Rb1 c5 35. Kf1 Ke7 36. Ke2 Rd8 37. Rb6 Ra8 38. Rb2 Rd8 39. Rg4
g6 40. Rb6 Ra8 41. Rc4 Raa7 42. f4 Kd7 43. Rd6+ Ke7 44. g4 f6 45. f5 gxf5 46.
gxf5 fxe5 47. Rxe6+ Kf8 48. Rxh6 Rh7 49. Rxh7 Rxh7 50. Rxc5 Rxh2+ 51. Kd3 e4+
52. Kd4 Ra2 53. Ra5 {#r} 1-0

[Event "Idaho Open (Open)"]
[Site "Pocatello, ID"]
[Date "2011.04.16"]
[Round "3.2"]
[White "Bartell, Fred"]
[Black "Niro III, Frank A"]
[Result "1-0"]
[WhiteElo "1600"]
[BlackElo "1700"]

1. e4 c5 2. Nf3 d6 3. d4 cxd4 4. Nxd4 Nf6 5. Nc3 a6 6. Bg5 e6 7. Bd3 Be7 8.
Qd2 O-O 9. O-O-O Nc6 10. Nxc6 bxc6 11. f3 e5 12. h4 Be6 13. h5 Rb8 14. Be3 d5
15. exd5 cxd5 16. Na4 d4 17. Bg5 Bxa2 18. h6 Qd7 19. hxg7 Rfc8 20. Bxf6 Bxf6
21. Qh6 Bxg7 22. Qxa6 Ra8 23. Nb6 Qc6 24. Nxa8 Qxa6 25. Bxa6 Rxa8 26. Bd3 h6
27. b3 Bf8 28. Bc4 Bb4 29. Rxh6 Bxb3 30. cxb3 Ra2 31. Rdh1 {#r} 1-0

[Event "Idaho Open (Open)"]
[Site "Pocatello, ID"]
[Date "2011.04.17"]
[Round "5.4"]
[White "Black, Clancey George"]
[Black "Bartell, Fred"]
[Result "1/2-1/2"]
[WhiteElo "1233"]
[BlackElo "1600"]

1. e4 e6 2. d4 c5 3. Nf3 cxd4 4. Nxd4 Bc5 5. Nc3 Nc6 6. Be3 Ne5 7. Nxe6 dxe6
8. Qxd8+ Kxd8 9. Bxc5 Nf6 10. f4 Ned7 11. O-O-O b6 12. Be3 Bb7 13. Bb5 Ke7 14.
e5 Nd5 15. Nxd5+ exd5 16. Bf2 Rhf8 17. Rhe1 Rac8 18. Bh4+ Ke6 19. g4 g6 20.
Bd3 Nc5 21. f5+ Kd7 22. Bb5+ Bc6 23. Rxd5+ Kc7 24. Bxc6 Kxc6 25. Rd6+ Kb7 26.
Bf2 gxf5 27. Bxc5 Rxc5 28. gxf5 Rfc8 29. c3 Re8 30. Rd7+ Ka6 31. Rxf7 Rcxe5
32. Rxe5 Rxe5 33. f6 Rh5 34. Rg7 Rxh2 35. f7 Rf2 36. Rxh7 Kb5 37. f8=Q Rxf8
38. Rxa7 Rf2 39. Rd7 Kc4 40. Rd2 Rf1+ 41. Kc2 Rf5 42. b3+ Kc5 43. a4 b5 44.
axb5 Kxb5 45. b4 Rh5 46. Kb3 Rh4 47. Rd5+ Kc6 48. Rd4 Rh3 49. Rc4+ Kb6 50. Rc5
Re3 51. Kc2 Rg3 52. Rd5 Kc6 53. c4 Ra3 54. Rd3 Ra4 55. Rb3 Ra1 56. b5+ Kb6 57.
Kb2 Ra4 58. Kc3 Ra1 59. Kb4 Rc1 60. Rb2 Rg1 61. c5+ Kb7 62. Rb3 Rg4+ 63. Ka5
Rc4 64. c6+ Kc7 65. Rb4 Rc5 66. Ka6 Rc1 {#d} 1/2-1/2

[Event "ICU Twin Falls City Ch"]
[Site "Twin Falls, ID"]
[Date "2011.06.25"]
[Round "1.3"]
[White "Pentico, Christopher"]
[Black "Bartell, Fred"]
[Result "1-0"]
[WhiteElo "1434"]
[BlackElo "1799"]

1. Nf3 Nc6 2. g3 e5 3. d3 d5 4. Bg2 Nf6 5. O-O h6 6. c4 dxc4 7. dxc4 Qxd1 8.
Rxd1 Nb4 9. Na3 Bd6 10. Nb5 Ke7 11. a3 Nc2 12. Rb1 a6 13. Nxd6 cxd6 14. b4 Bf5
15. Nh4 Nd4 16. Nxf5+ Nxf5 17. Bxb7 Ra7 18. Bc6 Nd4 19. Be3 Nxc6 20. Bxa7 Nxa7
21. a4 Rc8 22. Rdc1 Ne4 23. f3 Nd2 24. Rb2 Nxc4 25. Rbc2 d5 26. e4 Nb6 27.
Rxc8 Naxc8 28. Rc7+ Kd6 29. Rxf7 d4 30. Rxg7 Nxa4 31. Rg6+ Kd7 32. Rxa6 Ncb6
33. Kf2 Kc6 34. Ra5 d3 35. Rxe5 Nb2 36. Rc5+ Kd6 37. Ke3 N6c4+ 38. Rxc4 Nxc4+
39. Kxd3 Ne5+ 40. Ke2 h5 41. f4 Ng4 42. h3 Nh6 43. Kd3 h4 44. gxh4 {#r} 1-0

[Event "ICU Twin Falls City Ch"]
[Site "Twin Falls, ID"]
[Date "2011.06.25"]
[Round "2.5"]
[White "Bartell, Fred"]
[Black "Vereshchagin, Aleksandr"]
[Result "1-0"]
[WhiteElo "1799"]
[BlackElo "1445"]

1. e4 Nc6 2. d4 e6 3. e5 Nge7 4. Nf3 Ng6 5. Bg5 Be7 6. h4 h6 7. Bxe7 Qxe7 8.
Nc3 b6 9. Bb5 Bb7 10. Qd2 a6 11. Bd3 Qb4 12. h5 Nf8 13. O-O-O Nxd4 14. Rh4
Nxf3 15. Rxb4 Nxd2 16. Rxd2 O-O-O 17. g4 Nh7 18. Ra4 b5 19. Rf4 Ng5 20. a4 Bc6
21. axb5 axb5 22. Nxb5 Kb8 23. Rb4 Bb7 24. f4 c5 25. Rb3 Nf3 26. Nd6 Nxd2 27.
Rxb7+ Ka8 28. Kxd2 Rb8 29. Rxd7 Rb4 30. Be4+ Kb8 31. Rxf7 Rd8 32. Kc3 Rxd6 33.
exd6 Rxe4 34. g5 Kc8 35. Rxg7 hxg5 36. fxg5 Rd4 37. Rc7+ Kd8 38. Rxc5 Rxd6 39.
h6 {#r} 1-0

[Event "ICU Twin Falls City Ch"]
[Site "Twin Falls, ID"]
[Date "2011.06.25"]
[Round "3.3"]
[White "Bartell, Fred"]
[Black "Patterson, Emily N"]
[Result "0-1"]
[WhiteElo "1799"]
[BlackElo "1516"]

1. e4 e6 2. Nc3 c5 3. Nf3 Nc6 4. Bb5 Qb6 5. Qe2 Nb4 6. Ba4 Nf6 7. a3 Nc6 8.
O-O $2 g6 9. e5 Ng4 10. h3 Nh6 11. Ne4 Nf5 12. Nf6+ Kd8 13. c3 Bg7 14. Ng5 Ke7
15. Bxc6 Qxc6 16. Nge4 d6 17. f4 d5 18. Nd6 Nxd6 19. exd6+ Kxd6 20. Qe5+ Ke7
21. Nxd5+ Qxd5 22. Qxg7 Bd7 23. Qh6 Qd3 24. Qh4+ f6 25. Qf2 b6 26. Qe3 Bb5 27.
Rf3 Rad8 28. b4 Qxe3+ 29. Rxe3 cxb4 30. axb4 Rd7 31. d4 Bc4 32. Ba3 b5 33. Bb2
h6 34. Ra6 Ra8 35. Rg3 g5 36. fxg5 hxg5 37. Bc1 Rd6 38. Ra1 a6 39. h4 gxh4 40.
Rg7+ Kf8 41. Bh6 Rad8 42. Rxa6 Ke8 43. Rg8+ Ke7 44. Ra7+ R6d7 45. Rg7+ Kd6 46.
Bf4+ e5 47. dxe5+ fxe5 48. Ra6+ Kd5 49. Rg5 Re8 50. Rf6 Ke4 51. Bh2 Rd1+ 52.
Kf2 Rd3 53. Rg4+ Kd5 54. Rf5 Rxc3 55. Rgg5 Rc2+ 56. Ke1 Re2+ 57. Kd1 h3 58.
Bxe5 R8xe5 59. gxh3 Rxf5 60. Rxf5+ Re5 61. Rf4 Rh5 62. Rf3 Rh4 63. Kd2 Ke4 64.
Re3+ Kf4 65. Rc3 Kg5 66. Rg3+ Kh5 67. Kc3 Be6 68. Re3 Rxh3 {#R} 0-1

[Event "SIO (Open)"]
[Site "Twin Falls, ID"]
[Date "2011.11.12"]
[Round "2.2"]
[White "Barney, Kim"]
[Black "Bartell, Fred"]
[Result "0-1"]
[WhiteElo "1677"]
[BlackElo "1606"]

1. e4 c5 2. Nf3 Nc6 3. d4 cxd4 4. Nxd4 Nf6 5. Nc3 g6 6. Nxc6 bxc6 7. Bd3 d6 8.
O-O Bg4 9. Be2 Bxe2 10. Qxe2 Bg7 11. Bd2 O-O 12. Rad1 Qb6 13. b3 Nd7 14. Na4
Qc7 15. Bf4 Rad8 16. Qe3 Ne5 17. Bh6 Ng4 18. Qg3 Nxh6 19. Rfe1 Qc8 20. h3 Qb8
21. Qe3 Kh8 22. Re2 Ng8 23. Red2 Bh6 24. f4 e5 25. g3 Qc8 26. Kg2 exf4 27.
gxf4 Qe6 28. Re2 f5 29. Qc3+ Qf6 30. e5 dxe5 31. Rxd8 Rxd8 32. fxe5 Qg5+ 33.
Kh2 Qf4+ 34. Kg2 Rd1 35. Rf2 Qe4+ 36. Qf3 Qe1 37. Rf1 Qxf1+ 38. Qxf1 Rxf1 39.
Kxf1 Ne7 40. Nc5 Kg8 41. Kg2 Nd5 42. c4 Nc3 43. a4 Kf7 44. Kf3 Bf8 45. Nd3 Ke6
46. Kf4 Bh6+ 47. Kf3 Ne4 48. b4 Nd2+ 49. Kg2 Nxc4 50. b5 cxb5 51. axb5 Nxe5
52. Nb4 Be3 {#R} 0-1

[Event "SIO (Open)"]
[Site "Twin Falls, ID"]
[Date "2011.11.12"]
[Round "4.2"]
[White "Kirk, Patrick T"]
[Black "Bartell, Fred"]
[Result "0-1"]
[WhiteElo "1640"]
[BlackElo "1606"]

1. e4 c5 2. Bc4 Nc6 3. Nf3 e6 4. Nc3 b6 5. d4 cxd4 6. Nxd4 Bb7 7. Be3 Nxd4 8.
Bxd4 Nf6 9. Qd3 Bc5 10. Bxc5 bxc5 11. f3 O-O 12. O-O Qb6 13. e5 Nd5 14. Ne4
Nb4 15. Qxd7 Nxc2 16. Qb5 Nxa1 17. Rxa1 Bxe4 18. fxe4 Rfd8 19. b3 Rab8 20.
Qxb6 axb6 21. a4 Rd4 22. Re1 Rbd8 23. Kf2 Rd2+ 24. Kf3 Rc2 25. h3 Rdd2 26. Re2
Rxe2 27. Bxe2 Rc3+ {#R} 0-1